Pays qui produisent le plus de bananes - Statistiques

Statistiques générales
  • Ce quiz a été pris 13 688 fois
    9 411 depuis la dernière actualisation
  • Le résultat moyen est 8 sur 15
Statistiques - réponses
Tonnes Pays % Correct
6,64 millions Brésil
94%
11,9 millions Chine
75%
2,43 millions Colombie
73%
31,5 millions Inde
71%
2,46 millions Mexique
71%
2,31 millions Pérou
62%
8,18 millions Indonésie
59%
6,02 millions Équateur
49%
2,19 millions Viêt Nam
42%
2,53 millions Costa Rica
37%
5,96 millions Philippines
35%
1,86 millions Kenya
34%
4,48 millions Guatemala
32%
3,42 millions Tanzanie
31%
4,12 millions Angola
24%
Aucun quiz correspondant
Distribution des résultats
% des personnes avec chaque résultat
Percentile par nombre de réponses
Votre historique - résultats
Vous n’avez pas pris ce quiz depuis la dernière actualisation